Innovation management and new product development / (Record no. 34866)

MARC details
000 -LEADER
fixed length control field 01624cam a2200337 a 4500
001 - CONTROL NUMBER
control field 15099161
005 - DATE AND TIME OF LATEST TRANSACTION
control field 20081007135015.0
008 - FIXED-LENGTH DATA ELEMENTS--GENERAL INFORMATION
fixed length control field 071130s2008 enka b 001 0 eng
010 ## - LIBRARY OF CONGRESS CONTROL NUMBER
LC control number 2007048699
020 ## - INTERNATIONAL STANDARD BOOK NUMBER
International Standard Book Number 9780273713159 (alk. paper)
020 ## - INTERNATIONAL STANDARD BOOK NUMBER
International Standard Book Number 0273713159 (alk. paper)
035 ## - SYSTEM CONTROL NUMBER
System control number (OCoLC)182779455
035 ## - SYSTEM CONTROL NUMBER
System control number (OCoLC)ocn182779455
040 ## - CATALOGING SOURCE
Original cataloging agency DLC
Transcribing agency DLC
Modifying agency BAKER
-- BWKUK
-- BWK
-- NLGGC
-- YDXCP
-- DLC
050 00 - LIBRARY OF CONGRESS CALL NUMBER
Classification number HD45
Item number .T76 2008
100 1# - MAIN ENTRY--PERSONAL NAME
Personal name Trott, Paul.
245 10 - TITLE STATEMENT
Title Innovation management and new product development /
Statement of responsibility, etc Paul Trott.
250 ## - EDITION STATEMENT
Edition statement 4th ed.
260 ## - PUBLICATION, DISTRIBUTION, ETC. (IMPRINT)
Place of publication, distribution, etc Harlow, England ;
-- New York :
Name of publisher, distributor, etc Financial Times/Prentice Hall,
Date of publication, distribution, etc 2008.
300 ## - PHYSICAL DESCRIPTION
Extent xxvii, 581 p. :
Other physical details ill. ;
Dimensions 25 cm.
504 ## - BIBLIOGRAPHY, ETC. NOTE
Bibliography, etc Includes bibliographical references and index.
650 #0 - SUBJECT ADDED ENTRY--TOPICAL TERM
Topical term or geographic name as entry element Technological innovations
General subdivision Management.
650 #0 - SUBJECT ADDED ENTRY--TOPICAL TERM
Topical term or geographic name as entry element Industrial management.
650 #0 - SUBJECT ADDED ENTRY--TOPICAL TERM
Topical term or geographic name as entry element Product management.
906 ## - LOCAL DATA ELEMENT F, LDF (RLIN)
a 7
b cbc
c orignew
d 1
e ecip
f 20
g y-gencatlg
942 ## - ADDED ENTRY ELEMENTS (KOHA)
Source of classification or shelving scheme Library of Congress Classification
Item type Book
Holdings
Withdrawn status Lost status Source of classification or shelving scheme Damaged status Not for loan Collection code Home library Current library Shelving location Date acquired Source of acquisition Total Checkouts Total Renewals Full call number Barcode Date last seen Date last borrowed Copy number Price effective from Koha item type
    Library of Congress Classification     Non-fiction Bishop Okullu Memorial Library (Limuru Campus) Bishop Okullu Memorial Library (Limuru Campus) General Circulation 27/07/2009 Purchase 30 7 HD45 .T76 2008 010355 03/11/2023 27/10/2023 1 27/07/2009 Book
    Library of Congress Classification     Non-fiction Bishop Okullu Memorial Library (Limuru Campus) Bishop Okullu Memorial Library (Limuru Campus) General Circulation 27/07/2009 Purchase 12 1 HD45 .T76 2008 010357   16/07/2019 3 27/07/2009 Book
    Library of Congress Classification     Non-fiction Nairobi Campus Nairobi Campus General Circulation 27/07/2009 Purchase 27 3 HD45 .T76 2008 010356   16/02/2019 2 27/07/2009 Book